000 00542nam a2200157 i 4500
001 101329
003 ES-MaACL
005 20230906182855.0
007 t|
008 051017s1962 sp ||||1| spa d
100 1 _aMayán Fernández, Francisco.
_979329
245 1 3 _aEl mariscal Pardo de Cela y la Iglesia de Mondoñedo a la luz de nueva documentación histórica /
_cFrancisco Mayán Fernández.
260 _aLugo :
_b[s.n.],
_c1962 (
_fGráf. A. Santiago)
300 _a80 p., 5 lám. ;
_c21 cm.
852 _aES-MaACL
_jC-21993
_bR.50372
999 _c101329
_d101329